| 000 | 01153nam a22002897a 4500 | ||
|---|---|---|---|
| 999 |
_c63824 _d63824 |
||
| 005 | 20240530110700.0 | ||
| 008 | 171225s2015 ua a g b 000 0dara d | ||
| 017 |
_a2015/13633 _bمصر. دار الكتب |
||
| 020 | _a9789779203393 | ||
| 040 |
_aEG-CaGPL _cEG-CaGPL |
||
| 082 | 0 | 4 |
_221 _a306.44\ _bز ت |
| 100 | 1 | _aزارات ، جونوفياف | |
| 245 | 1 | 0 |
_aتعليم ثقافة اجنبية : _bابحاث وتطبيقات / _cتأليف جونوفياف زارات ؛ ترجمة منار رشدى انور ؛ مراجعة وتقديم سلوى عجاج |
| 250 | _aط.1 | ||
| 260 |
_aالقاهرة : _bالمركز القومى للترجمة ، _c2015 . |
||
| 300 |
_a223 ص. ؛ _c24 سم. |
||
| 490 |
_aالمركز القومى للترجمة ؛ _v2286 |
||
| 650 | 0 | 7 |
_2qrmak _aالتعليم |
| 650 | 0 | 7 |
_2qrmak _aالتدريس |
| 650 | 0 | 7 |
_2qrmak _aالعلاقات الثقافية |
| 650 | 0 | 7 |
_2qrmak _aالثقافة |
| 651 | _2qrmak | ||
| 700 | 0 |
_aمنار رشدى انور _eمترجم |
|
| 700 | 0 |
_aسلوى عجاج _eمراجع ومقدم |
|
| 942 |
_2ddc _cBK |
||